Annual editions:labor management relations 05/06 (Record no. 8044)
[ view plain ]
| 000 -LEADER | |
|---|---|
| fixed length control field | 00376nam a2200133Ia 4500 |
| 008 - FIXED-LENGTH DATA ELEMENTS--GENERAL INFORMATION | |
| fixed length control field | 230107s9999||||xx |||||||||||||| ||und|| |
| 020 ## - INTERNATIONAL STANDARD BOOK NUMBER | |
| International Standard Book Number | 0-07-357699-X |
| 040 ## - CATALOGING SOURCE | |
| Transcribing agency | Chuka University Library |
| 050 ## - LIBRARY OF CONGRESS CALL NUMBER | |
| Classification number | BSL HF 672 |
| Item number | L33 2006 |
| 100 ## - MAIN ENTRY--PERSONAL NAME | |
| Personal name | John Overby |
| 9 (RLIN) | 4773 |
| 245 #0 - TITLE STATEMENT | |
| Title | Annual editions:labor management relations 05/06 |
| 260 ## - PUBLICATION, DISTRIBUTION, ETC. | |
| Place of publication, distribution, etc. | McGraWHILL |
| Name of publisher, distributor, etc. | Dabuque |
| Date of publication, distribution, etc. | 2006 |
| 942 ## - ADDED ENTRY ELEMENTS (KOHA) | |
| Koha item type | Long Loan Books |
| Withdrawn status | Lost status | Damaged status | Not for loan | Collection | Home library | Current library | Shelving location | Date acquired | Total Checkouts | Full call number | Barcode | Date last seen | Price effective from | Koha item type |
|---|---|---|---|---|---|---|---|---|---|---|---|---|---|---|
| General Collection Books | Main Campus Library | Main Campus Library | Business Studies Library | 07/01/2023 | BSL HF 672.L33 2006 | 8408/2012 | 07/01/2023 | 07/01/2023 | Long Loan Books | |||||
| General Collection Books | Main Campus Library | Main Campus Library | General Stacks | 07/01/2023 | HF 672.L33 2006 | 8407/2012 | 07/01/2023 | 07/01/2023 | Long Loan Books | |||||
| General Collection Books | Main Campus Library | Main Campus Library | General Stacks | 07/01/2023 | BSL HF 672.L33 2006 | 8409/2012 | 07/01/2023 | 07/01/2023 | Long Loan Books |
